000 004540000a22001810004500
003 MACL
005 20150804123501.0
008 150804b xxu||||| |||| 00| 0 eng d
040 _aMACL
_cMACL
041 _aEnglish
082 _a384/TEW
100 _aTewari, I.P.
_94526
245 _aCommunication Technology and Development
260 _bPublication Division
_c1987
_aMeerut
350 _a12
650 _aCommunication
_94527
942 _cBK
_k384
_2ddc
999 _c6424
_d6424